[Event "World-ch Carlsen-Anand +3-1=7"]
[Site "Sochi"]
[Date "2014.11.12"]
[Round "4"]
[White "Carlsen, Magnus"]
[Black "Anand, Viswanathan"]
[Result "1/2-1/2"]
[WhiteElo "2863"]
[BlackElo "2792"]
[Annotator "Kasimdzhanov,Rustam"]
[PlyCount "94"]
[EventDate "2014.11.08"]
[EventType "match"]
[EventRounds "12"]
[EventCountry "RUS"]
[SourceTitle "CBM 164"]
[Source "ChessBase"]
[SourceDate "2015.01.15"]
[SourceVersion "1"]
[SourceVersionDate "2015.01.15"]
[SourceQuality "1"]

{This outwardly very quiet game was in fact full of content and also very interesting from a psychological point of view. The day before Magnus had lost in a somewhat embarassingly one-sided fashion, and it was very interesting to see how he would cope in a new situation.} 1. e4 {[%emt 0:00:04]} c5 $1 {[%emt 0:00:08] No Berlin today! Thanks from all the fans all around the world! :)} 2. Nf3 {[%emt 0:00:07]} e6 {[%emt 0:00:05] Vishy has played 2...d6 most of his life, but not today. Is 3.b5 really that strong?} 3. g3 {[%emt 0:00:16] What Black had in store after 3.d4, we'll see in game 6.} Nc6 {[%emt 0:00:44]} 4. Bg2 {[%emt 0:00:10]} d5 {[%emt 0:00:12]} 5. exd5 {[%emt 0:00:30]} exd5 {[%emt 0:00:08]} 6. O-O {[%emt 0:00:30]} Nf6 {[%emt 0:01:09]} 7. d4 {[%emt 0:00:57]} Be7 {[%emt 0:00:53]} 8. Be3 {[%emt 0:05:55]} ({RR} 8. Bg5 O-O 9. Nc3 h6 10. Bxf6 Bxf6 11. dxc5 d4 12. Ne4 Bf5 13. Nxf6+ Qxf6 14. b4 a6 15. a3 Rad8 16. Qd2 Bg4 17. Ne1 Rfe8 18. Nd3 Re2 19. Qf4 Qxf4 20. Nxf4 Rxc2 21. h3 Bf5 22. Rfd1 d3 {Oluka Robert Mcligeyo (2027)-Alcazar Jimenez,J (2141) chess.com INT 2025 0-1 (45)}) 8... cxd4 {[%emt 0:05:06]} 9. Nxd4 {[%emt 0:00:46]} Bg4 $1 {[%emt 0:00:14] A nice improvement, typical of high-class preparation.} ({After the usual} 9... O-O 10. h3 {Black has had some problems in recent games:} Re8 11. Nc3 (11. Re1 h6 12. Nd2 Bd6 13. c3 Bd7 {½-½ (37) Short,N (2696)-Caruana,F (2675) Wijk aan Zee 2010}) 11... Bb4 12. Nce2 Bd6 13. c3 Bd7 14. Nf4 Bxf4 15. Bxf4 $14 {½-½ (54) Adams,M (2740)-Kryvoruchko,Y (2678) Tromsoe 2013}) ({RR} 9... O-O 10. Nc3 Bg4 11. Qd3 a6 12. Rfe1 Qd7 13. Nxc6 bxc6 14. Na4 Qf5 15. Bf4 Bb4 16. Qxf5 Bxf5 17. c3 Ba5 18. Bf1 Bd8 19. b3 Ne4 20. h4 Bf6 21. Rac1 g5 22. hxg5 Nxg5 23. Bg2 Nh3+ 24. Bxh3 {Jones,G (2635)-Caruana,F (2767) Reykjavik 2012 ½-½}) 10. Qd3 $146 {[%emt 0:03:32]} ({RR} 10. Bf3 Qd7 11. Nc3 Bh3 12. Re1 O-O 13. Bg5 Rad8 14. Bg2 Bxg2 15. Kxg2 h6 16. Bf4 Bc5 17. Nb3 Bb4 18. a3 Bxc3 19. bxc3 Rfe8 20. Qd3 b6 21. Nd4 Nxd4 22. Qxd4 Qf5 23. Qd3 Qc8 24. Be5 Ne4 {Shubin,K (2429)-Schekachikhin,M (2406) St Petersburg 2020 ½-½ (57)}) ({RR} 10. Bf3 Qd7 11. Nc3 Bh3 12. Re1 O-O 13. Bg5 Rad8 14. Bg2 Bxg2 15. Kxg2 h6 16. Bf4 Bc5 17. Nb3 Bb4 18. a3 Bxc3 19. bxc3 Rfe8 20. Qd3 b6 21. Nd4 Nxd4 22. Qxd4 Qf5 23. Qd3 Qc8 24. Be5 Ne4 {Shubin,K (2429)-Schekachikhin,M (2406) St Petersburg 2020 ½-½ (57)}) 10... Qd7 {[%emt 0:03:27]} 11. Nd2 {[%emt 0:06:52]} O-O {[%emt 0:01:39] Black has got a pretty comfortable IQP position.} 12. N2f3 {[%emt 0:01:24]} Rfe8 {[%emt 0:06:27]} 13. Rfe1 {[%emt 0:05:36]} Bd6 {[%emt 0:05:45]} 14. c3 {[%emt 0:07:37]} h6 {[%emt 0:02:43]} 15. Qf1 $1 {[%emt 0:09:04] Quite impressive, and not because this move changes anything in the evaluation - the position reamains around equality - but it does manage to create some threats (h3, h4, h3 in some lines) from nothing.} Bh5 {[%emt 0:17:25] Played after some thought.} ({Vishy could also have gone for more ambitious} 15... Ne4 $5 {when after} 16. h3 (16. Nxc6 bxc6 17. Nd4 Bh5 $13) 16... Bh5 17. Nh4 Nxd4 18. Bxd4 f5 $1 {Black's play should not be underestimated.}) 16. h3 {[%emt 0:06:42]} (16. Nh4 {was perhaps more challenging} Bc5 $1 (16... Ng4 17. Qb5 Nxe3 18. Rxe3 Rxe3 19. fxe3 $14) 17. Nhf5 Bb6 $11) 16... Bg6 {[%emt 0:00:31]} 17. Rad1 {[%emt 0:05:24]} Rad8 {[%emt 0:08:41] Both sides have completed the development, and White faces a really difficult task of coming up with a plan of action. He decides to change the structure in the centre - this decision could not possibly have been an easy one.} 18. Nxc6 $5 {[%emt 0:08:44]} bxc6 {[%emt 0:00:46]} 19. c4 {[%emt 0:00:07]} Be4 $6 {[%emt 0:08:16] Nothing could be more natural than this, but now Black starts sliding into trouble.} (19... Bc2 $1 {forces the rook to occupy a worse square} 20. Rc1 (20. Rd2 Be4 {and the threat of ...b4 gains some time}) 20... Be4 21. Bd4 dxc4 22. Qxc4 (22. Bxf6 Bd3) 22... Bd5 $11) 20. Bd4 {[%emt 0:09:36]} Nh7 {[%emt 0:02:17]} 21. cxd5 {[%emt 0:02:46]} Bxd5 {[%emt 0:00:16]} (21... cxd5 22. Qa6 {feels risky in the long run.}) 22. Rxe8+ {[%emt 0:06:18]} Rxe8 {[%emt 0:00:42]} 23. Qd3 $1 {[%emt 0:01:55] The white queen comes back into the game, and Black has problems due to queenside weaknesses and vulnerable pieces along the d-file.} Nf8 {[%emt 0:13:26]} 24. Nh4 $2 {[%emt 0:03:29] Letting go way too easily.} (24. Bc3 $1 {kept it very tough for Black} Rd8 (24... Ne6 25. Nh4) (24... Ng6 25. Qd4 Bf8 26. Nh2) 25. Nh4 Bc5 26. Nf5 Bxg2 27. Qxd7 Rxd7 28. Rxd7 Nxd7 29. Kxg2 $14) 24... Be5 $1 {[%emt 0:05:01] That's exactly the difference.} 25. Bxd5 {[%emt 0:04:04]} Qxd5 {[%emt 0:02:21]} 26. Bxe5 {[%emt 0:01:13]} Qxe5 {[%emt 0:00:13] Now it's about equal again.} 27. b3 {[%emt 0:01:06]} Ne6 {[%emt 0:02:55]} 28. Nf3 {[%emt 0:03:23]} Qf6 {[%emt 0:00:51]} 29. Kg2 {[%emt 0:01:06]} Rd8 {[%emt 0:05:54]} 30. Qe2 {[%emt 0:00:10]} Rd5 {[%emt 0:03:49]} (30... Rxd1 31. Qxd1 Qe7 32. Qd3 Qc5 {might have been simpler.}) 31. Rxd5 {[%emt 0:04:27]} cxd5 {[%emt 0:00:07]} 32. Ne5 {[%emt 0:01:11]} (32. Qe5 $5 Qd8 33. Nd4 Nxd4 34. Qxd4 Qd7 {I wonder if White has chances here...}) 32... Qf5 {[%emt 0:03:20]} 33. Nd3 {[%emt 0:03:22]} Nd4 {[%emt 0:01:51]} 34. g4 $5 {[%emt 0:05:29] This unexpected move still poses some problems.} Qd7 {[%emt 0:05:29]} (34... Nxe2 35. gxf5 Kf8 36. Kf3 Nc3 37. a4 Ke7 38. Ke3 Kd6 {is ok for Black, but I can understand the reluctance to go for a knight ending.}) (34... Qg6 35. Qe8+ (35. Qe3 Nf5 36. Qe8+ Kh7) 35... Kh7 36. Nf4 Qe4+ 37. Qxe4+ dxe4 {same here}) (34... Qe4+ $2 35. Qxe4 dxe4 36. Nc5) 35. Qe5 {[%emt 0:00:33]} Ne6 {[%emt 0:00:20]} 36. Kg3 {[%emt 0:03:39]} Qb5 {[%emt 0:00:46]} 37. Nf4 {[%emt 0:00:57]} Nxf4 {[%emt 0:01:19]} 38. Kxf4 {[%emt 0:00:05]} Qb4+ {[%emt 0:02:10]} (38... g5+ $1 39. Kg3 Qa6 40. a4 Qd3+ 41. Qe3 Qd1 {is quite a simple draw.}) 39. Kf3 {[%emt 0:00:09]} d4 {[%emt 0:01:07]} 40. Qe8+ {[%emt 0:00:00]} Kh7 {[%emt 0:00:00]} 41. Qxf7 {[%emt 0:05:34]} Qd2 $1 {[%emt 0:05:46] Probably found by elimination, as the most natural} (41... Qc3+ $2 42. Ke4 d3 43. Qf3 $16 {leads nowhere good.}) 42. Qf5+ {[%emt 0:08:35]} (42. Ke4 $5 d3 43. Kd4 Qe2 44. Qf5+ Kg8 45. Qxd3 Qxf2+ 46. Kd5 Qxa2 47. Kc6 {looks strong, but in fact there is too little material remaining to give chances} Qf2 $1) 42... Kh8 {[%emt 0:00:08]} 43. h4 {[%emt 0:06:47]} Qxa2 {[%emt 0:11:13]} 44. Qe6 {[%emt 0:01:40]} Qd2 {[%emt 0:05:48]} 45. Qe8+ {[%emt 0:06:15]} Kh7 {[%emt 0:00:40]} 46. Qe4+ {[%emt 0:00:09]} Kh8 {[%emt 0:00:13]} 47. Qe8+ {[%emt 0:00:38]} Kh7 {[%emt 0:00:06] Again, Magnus managed to (almost) outplay his mighty opponent from an equal position, but a slightly careless 24.h4, allowing 24...e5! pretty much led to a draw.} 1/2-1/2

[Event "World-ch Carlsen-Anand +3-1=7"]
[Site "Sochi"]
[Date "2014.11.15"]
[Round "6"]
[White "Carlsen, Magnus"]
[Black "Anand, Viswanathan"]
[Result "1-0"]
[WhiteElo "2863"]
[BlackElo "2792"]
[Annotator "Kasimdzhanov,Rustam"]
[PlyCount "79"]
[EventDate "2014.11.08"]
[EventType "match"]
[EventRounds "12"]
[EventCountry "RUS"]
[SourceTitle "CBM 164"]
[Source "ChessBase"]
[SourceDate "2015.01.15"]
[SourceVersion "1"]
[SourceVersionDate "2015.01.15"]
[SourceQuality "1"]

{This game has already entered chess history, and not in a good way. Hardly any other game caused so much astonishment, and left even experts so perplexed. Mutual blunders shocked the public at large; a strange opening choice from Vishy left me, amongst others, struggling for an explanation.} 1. e4 {[%emt 0:00:04]} c5 {[%emt 0:00:06]} 2. Nf3 {[%emt 0:00:05]} e6 {[%emt 0:00:06] The same opening choice from Anand as in game 4, but...} 3. d4 $1 {[%emt 0:00:15] This time Magnus is prepared!} cxd4 {[%emt 0:00:08]} 4. Nxd4 {[%emt 0:00:02]} a6 {[%emt 0:00:09]} 5. c4 {[%emt 0:00:43] A very popular move these days, alternatives are 5.d3 and 5.c3.} Nf6 {[%emt 0:00:13]} 6. Nc3 {[%emt 0:00:10]} Bb4 {[%emt 0:00:08] Quite natural, but in fact not the most solid continuation.} (6... Qc7 7. a3 b6 {leads to pretty normal Hedgehog positions} (7... Nxe4 8. Nxe4 Qe5 {is very risky for Black})) 7. Qd3 {[%emt 0:01:34]} Nc6 $6 {[%emt 0:00:15] Vishy choosing this line is rather odd - Black gets a passive position without any counterplay.} (7... Qc7 8. a3 Bxc3+ 9. Qxc3 Nxe4 10. Nb5 $1 {is just bad for Black: 1-0 (31) Nepomniachtchi,I (2730)-Svidler,P (2753) Dubai 2014}) ({But} 7... d5 {is a pretty good move, with decent chances to equalize.}) 8. Nxc6 {[%emt 0:02:24]} dxc6 {[%emt 0:00:09]} 9. Qxd8+ {[%emt 0:03:23]} Kxd8 {[%emt 0:00:41]} 10. e5 {[%emt 0:00:05]} Nd7 {[%emt 0:01:28]} (10... Ne4 {looks more active: after} 11. a3 Bxc3+ 12. bxc3 b6 13. Be3 Kc7 14. Bd3 Nc5 (14... Nxc3 15. a4 b5 {feels quite risky too}) 15. Bc2 a5 16. O-O-O Ba6 17. Rd4 {isn't as bad for Black as the game, but still kind of sad.}) 11. Bf4 {[%emt 0:02:58]} (11. f4 {gives Black counterplay} f6 12. exf6 Nxf6 (12... gxf6 $5)) 11... Bxc3+ {[%emt 0:09:17]} 12. bxc3 {[%emt 0:00:29]} Kc7 {[%emt 0:00:33]} ({RR} 12... c5 13. h4 b6 14. O-O-O Bb7 15. h5 h6 16. Rh3 Be4 17. Rg3 g5 18. hxg6 Bxg6 19. Rh3 h5 20. Be2 Kc7 21. Rdh1 Rag8 22. g4 Kc8 23. gxh5 Be4 24. f3 Bf5 25. Rg3 Rxg3 26. Bxg3 Rg8 27. Bf4 {Karjakin,S (2752)-Bykhovsky,A (2496) Chess.com INT 2020 1-0 (33)}) ({RR} 12... c5 13. h4 f6 14. O-O-O b6 15. Rh3 Ke7 16. Rg3 Kf7 17. exf6 gxf6 18. Be2 h5 19. Rgd3 e5 20. Bg3 Ra7 21. Bf3 Ke7 22. Rd6 Rc7 23. Be4 b5 24. cxb5 axb5 25. R1d2 c4 26. Rc6 Rxc6 27. Bxc6 {Phatak,A (2206)-Fu,Y (2261) Fujairah City UAE 2025 0-1 (33)}) 13. h4 {[%emt 0:03:55]} b6 {[%emt 0:01:21]} (13... h5 14. Rh3 {and maybe Black is just no longer in time to defend f7.}) 14. h5 {[%emt 0:01:38]} h6 $146 {[%emt 0:07:45] Very understandable, but in fact a rather risky approach.} ({Letting the white pawn get to h6 after} 14... Bb7 15. h6 g6 {does not look great, but in fact Black has only one weakness to defend now, the pawn on f7, and he might be able to do it.} 16. O-O-O c5 17. Rh4 Rhf8 18. Bg3 Rae8 {and I don't see how White should progress here.}) ({RR} 14... Bb7 15. h6 g6 16. O-O-O Nc5 17. Bg5 Rhe8 18. f3 Nd7 19. f4 f6 20. exf6 Rf8 21. Rh3 c5 22. Rhd3 Bc6 23. Be2 Nxf6 24. Bf3 Rae8 25. Bxc6 Kxc6 26. Rd6+ Kc7 27. Bxf6 Rxf6 28. Rd7+ Kc8 29. Rxh7 {Bodnar,N (2424)-Guerreiro,A (2021) Chess.com INT 2020 1-0 (53)}) ({RR} 14... Bb7 15. h6 g6 16. O-O-O Nc5 17. Bg5 Rhe8 18. f3 Nd7 19. f4 f6 20. exf6 Rf8 21. Rh3 c5 22. Rhd3 Bc6 23. Be2 Nxf6 24. Bf3 Rae8 25. Bxc6 Kxc6 26. Rd6+ Kc7 27. Bxf6 Rxf6 28. Rd7+ Kc8 29. Rxh7 {Bodnar,N (2424)-Guerreiro,A (2021) Chess.com INT 2020 1-0 (53)}) 15. O-O-O {[%emt 0:03:58]} Bb7 {[%emt 0:01:18]} 16. Rd3 {[%emt 0:02:04]} c5 {[%emt 0:07:41]} 17. Rg3 {[%emt 0:01:41]} Rag8 {[%emt 0:01:39]} 18. Bd3 {[%emt 0:00:45]} Nf8 {[%emt 0:04:29] Now we can take stock of what has happened - Black is passive and worse; or, as Kramnik nicely put it, the starting position in chess is not so bad for Black that he should go for something like this :)} 19. Be3 {[%emt 0:01:26]} g6 {[%emt 0:10:20] Black just can't allow h4-g4.} (19... Nd7 20. Rh4 Nxe5 21. Bf4 f6 22. Rhg4 {is no improvement.}) 20. hxg6 {[%emt 0:02:49]} Nxg6 {[%emt 0:03:20]} 21. Rh5 {[%emt 0:00:34]} Bc6 {[%emt 0:06:24]} 22. Bc2 {[%emt 0:02:55]} Kb7 {[%emt 0:04:17] So far White has played immaculately, but around here strange things start happening.} 23. Rg4 {[%emt 0:08:35] In fact the rook is pretty vulnarable here, and does not do very much at all.} (23. Kd2 Ne7 $1 24. Rxg8 Rxg8 25. g3 Bf3 26. Rxh6 Rd8+ 27. Kc1 {Black is still fighting here, but White should convert in the long run} (27. Ke1 Nc6)) 23... a5 {[%emt 0:05:45]} (23... Ne7 24. Rxg8 Rxg8 25. g3 Bf3 26. Rxh6 Ng6 {is similar to the previous line.}) 24. Bd1 {[%emt 0:01:37]} Rd8 {[%emt 0:05:17]} 25. Bc2 {[%emt 0:03:46]} Rdg8 {[%emt 0:02:23]} 26. Kd2 $4 {[%emt 0:01:03] A move that should have changed modern chess history. White really needs to centralise his king, but it would be nice to achieve it without blundering all his pawns.} (26. Kd1 Nf8 $1 27. Rf4 Be8 {is suddenly awkward for White}) (26. Rg3 $5 {might be the best; although it becomes clear, that White lost a lot of time, shuffling his pieces around.}) 26... a4 $4 {[%emt 0:01:00] As they say, "returning the favour". I can't think of any other example, where Vishy with loads of time on his clock had failed to spot tactics that simple.} (26... Nxe5 $1 27. Rxg8 Nxc4+ 28. Ke2 Rxg8 29. g3 Nxe3 30. Kxe3 Bd5 {with a reasonably simple techical task.}) 27. Ke2 {[%emt 0:01:31] Back in control.} a3 {[%emt 0:02:42]} 28. f3 {[%emt 0:01:20]} Rd8 {[%emt 0:09:34]} 29. Ke1 {[%emt 0:08:04]} (29. Bxg6 fxg6 30. Rxg6 Ba4 31. Rxe6 Bc2 {feels less clear than White would ideally like.}) 29... Rd7 {[%emt 0:01:18]} 30. Bc1 {[%emt 0:01:58]} Ra8 {[%emt 0:03:54]} 31. Ke2 {[%emt 0:08:42]} Ba4 {[%emt 0:00:25]} 32. Be4+ {[%emt 0:02:26]} Bc6 $2 {[%emt 0:00:09] The last of so many mistakes in this game.} ({After} 32... Ka7 $1 33. Bxa8 Kxa8 34. Bxa3 (34. Rh1 Bc2) 34... Rd1 35. Rxh6 Ra1 {Black gets a surprising ammount of counterplay} 36. Ke3 $1 {perhaps the best, but far from simple} (36. Rh7 Rxa2+ $13) (36. Rg5 Rxa2+ 37. Ke1 Nf4 (37... Rxa3 38. Rh7 $16) 38. Bc1 Nd3+ 39. Kf1 Bb3 (39... Nxc1 40. Rg7) 40. Rg7 Bxc4 41. Kg1 Kb7 42. Rxf7+ Kc6 43. Bg5 Rc2 {is a mess}) 36... Nxe5 37. Rg7 Nxc4+ 38. Kf4 Nd6 39. Ke5 Rd1 40. Bc1 {and White will prevail, probably :)}) 33. Bxg6 {[%emt 0:01:27]} fxg6 {[%emt 0:00:19]} 34. Rxg6 {[%emt 0:00:08]} Ba4 {[%emt 0:05:18]} 35. Rxe6 {[%emt 0:03:43]} Rd1 {[%emt 0:04:02]} 36. Bxa3 {[%emt 0:02:10]} Ra1 {[%emt 0:01:53]} 37. Ke3 {[%emt 0:01:55]} Bc2 {[%emt 0:03:43]} 38. Re7+ {[%emt 0:00:36] Luck always favours the winner.} Ka6 39. Rxh6 Rxa2 40. Bxc5 1-0